| 000 | 00687pam a2200205 a 4500 | ||
|---|---|---|---|
| 020 | _a013123613X (alk. paper) | ||
| 082 | 0 | 0 |
_a519.5 _bMIL _cN-01,P-145 |
| 100 | 1 |
_aMiller, Irwin, _939341 |
|
| 245 | 1 | 0 | _aJohn E. Freund's mathematical statistics. |
| 250 | _a6th ed. / | ||
| 260 |
_aUpper Saddle River, N.J. : _bPrentice Hall, _cc1999. |
||
| 300 |
_axii, 624 p. : _bill. ; _c24 cm. |
||
| 500 | _aIncludes index. | ||
| 500 | _aRev. ed. of: Mathematical statistics / John E. Freund. 5th ed. c1992. | ||
| 526 |
_a0 _b0 _c0 _d519_500000000000000_MIL |
||
| 650 | 0 |
_aMathematical statistics. _961 |
|
| 700 | 1 |
_aFreund, John E. _934553 |
|
| 700 | 1 |
_aMiller, Marylees. _942766 |
|
| 942 |
_2ddc _cBK |
||
| 999 |
_c546609 _d546609 |
||